00578nam a2200169Ia 4500008004100000020001500041041000800056082001600064100002500080245003800105250000600143260005200149300001100201650003300212999001900245952014400264210716s1999 xx 000 0 und d a8120306678 aeng a004.22 TANA aTanenbaum, Andrew S. aStructured computer organization. a5 aNew DelhibPrentice Hall of India PVt Ltdc1999 axx,778 aComputer Arch., Org.(004.22) c187975d187975 00102ddc40738MCAaAIMITbAIMITeInfosys Technologies Ltdg425.00l0o004.22 TANApMCA07483r2025-07-21 00:00:00v340.00w2021-07-16yBK